Manejo y pronóstico del trauma craneoencefálico severo (Registro nro. 66368)

Detalles MARC
000 -ENCABEZADO
Número de control [NR] 00957nam a2200205Ia 4500
008 - DE LONGITUD FIJA DE DATOS DE ELEMENTOS - INFORMACIÓN GENERAL
Elementos de longitud fija [NR] 130821s2002 ck gs spa
040 ## - FUENTE DE CATALOGACION [NR]
Agencia de catalogación original [NR] Co-BoUCM
Idioma de catalogación [NR] spa
041 00 - CODIGO DE IDIOMA [R]
Código de idioma para texto/pista de sonido o título separado [R] Español
092 ## - SIGNATURA TOPOGRAFICA LOCAL
Número de clasificación local CDM 0207
245 10 - MENCION DE TITULO [NR]
Título [NR] Manejo y pronóstico del trauma craneoencefálico severo
Mención de responsabilidad, etc. [NR] [CD-ROM]
-- [traducción de : Efraim Otero Ruiz]
260 ## - PUBLICACION, DISTRIBUCION, ETC. (PIE DE IMPRENTA) [R]
Lugar de publicación, distribución, etc. [R] Bogotá (Colombia)
Nombre del editor, distribuidor, etc. [R] FEPAFEM ; Secretaría de Salud
Fecha de publicación, distribución, etc. [R] [2002]
300 ## - DESCRIPCION FISICA [R]
Extensión [R] 1 CD-ROM
500 ## - NOTA GENERAL [R]
Nota general [NR] Traducido por solicitud de la Secretaria Distrital de Salud de Bogotá mediante convenio con la Oficina de Recursos Educacionales de FEPAFEM.
505 ## - NOTA DE CONTENIDO CON FORMATO PREESTABLECIDO [R]
Nota de contenido con formato preestablecido [NR] Guías para el manejo del trauma craneoencefálico severo. -- Indicadores tempranos de pronóstico en el trauma craneoencefálico severo.
650 04 - ASIENTO SECUNDARIO DE MATERIA - TERMINO TEMATICO [R]
Término temático o nombre geográfico como elemento de entrada [NR] Neurología
9 (RLIN) 20299
650 04 - ASIENTO SECUNDARIO DE MATERIA - TERMINO TEMATICO [R]
Término temático o nombre geográfico como elemento de entrada [NR] Trauma cráneo encefálico
Subdivisión de forma [R] CD-ROM
9 (RLIN) 25836
710 2# - ASIENTO SECUNDARIO - NOMBRE CORPORATIVO [R]
Nombre corporativo o de jurisdicción como elemento de entrada [NR] Asociación Americana de Neurocirujanos
710 2# - ASIENTO SECUNDARIO - NOMBRE CORPORATIVO [R]
Nombre corporativo o de jurisdicción como elemento de entrada [NR] Fundación para el Trauma Cerebral
942 ## - ELEMENTOS DE ENTRADA AGREGADOS (KOHA)
Tipo de ítem principal el descrito en 300a Multimedia
Sistema de clasificación LOCAL
Tema principal Medicina
Edición 1
Existencias
Fecha de último préstamo Total préstamos Total Renewals Signatura topográfica Código de barras Última vez visto Ejemplar Price effective from Tipo de ítem Perdido Sistema de clasificación Dañado No prestable Tipo de ítem específico Suprimido Ubicación habitual Ubicación actual Localización Fecha de creación Forma de adquisición Costo
07/09/2018 8 1 CDM 0207 200019796 12/12/2025 Ej.1 03/02/2013 Multimedia   LOCAL     CD-Rom   Quinta de Mutis Quinta de Mutis Colección digital 28/02/2010 Donación 26000.00